Severe early trauma.

"One of the first things you need to ask is, how did you survive this? This is amazing that you're still here. It's amazing that you still have the guts to go on with your life. What is allowing you to function? What are you good at? What gives you comfort?" Bessel van der Kolk....

Full description

Bibliographic Details
Corporate Author: Kanopy (Firm)
Format: Video
Language:English
Published: [San Francisco, California, USA] : Kanopy Streaming, 2014.
Subjects:
Online Access:Connect to this streaming video

MARC

Tag First Indicator Second Indicator Subfields
LEADER 00000cgm a22000001i 4500
001 in00003587608
006 m o c
007 vz uzazuu
007 cr una---unuuu
008 140908p20141995cau105 o vleng d
005 20260324170550.5
028 5 2 |a 1120857  |b Kanopy 
035 |a (OCoLC)897774288 
035 |a (CaSfKAN)kan1120857 
040 |a UtOrBLW  |b eng  |e rda  |c UtOrBLW  |d UtOrBLW 
245 0 0 |a Severe early trauma. 
264 1 |a [San Francisco, California, USA] :  |b Kanopy Streaming,  |c 2014. 
300 |a 1 online resource (1 video file, approximately 105 min.) :  |b digital, .flv file, sound 
336 |a two-dimensional moving image  |b tdi  |2 rdacontent 
337 |a computer  |b c  |2 rdamedia 
338 |a online resource  |b cr  |2 rdacarrier 
344 |a digital 
347 |a video file  |b MPEG-4  |b Flash 
500 |a Title from title frames. 
518 |a Originally produced by Cavalcade Productions in 1995. 
520 |a "One of the first things you need to ask is, how did you survive this? This is amazing that you're still here. It's amazing that you still have the guts to go on with your life. What is allowing you to function? What are you good at? What gives you comfort?" Bessel van der Kolk. Research undertaken for the DSM-IV revealed that survivors of repeated and severe childhood trauma generally experience a common set of problems as adults. This video series examines the wide range of symptoms for what the researchers have labeled Disorders of Extreme Stress. Four survivors of childhood trauma discuss its impact on their lives, and describe their attempts to cope with those effects, to heal, and to find meaning in life.  
538 |a Mode of access: World Wide Web. 
650 0 |a Dissociative disorders.  |0 http://id.loc.gov/authorities/subjects/sh92004916 
650 0 |a Child abuse.  |0 http://id.loc.gov/authorities/subjects/sh85023348 
650 0 |a Psychic trauma in children.  |0 http://id.loc.gov/authorities/subjects/sh85108404 
650 0 |a Post-traumatic stress disorder.  |0 http://id.loc.gov/authorities/subjects/sh85105424 
650 0 |a Memory disorders.  |0 http://id.loc.gov/authorities/subjects/sh85083500 
655 7 |a Internet videos.  |2 lcgft  |0 http://id.loc.gov/authorities/genreForms/gf2011026337 
655 7 |a Nonfiction films.  |2 lcgft  |0 http://id.loc.gov/authorities/genreForms/gf2011026423 
655 7 |a Feature films.  |2 lcgft  |0 http://id.loc.gov/authorities/genreForms/gf2011026247 
700 1 |a Van der Kolk, Bessel A.,  |d 1943-  |e on-screen presenter.  |0 http://id.loc.gov/authorities/names/n83319053 
700 1 |a Calof, David,  |e on-screen presenter. 
700 1 |a Dolan, Yvonne,  |e on-screen presenter. 
700 1 |a Elliott, Diana,  |e on-screen presenter. 
710 2 |a Kanopy (Firm)  |0 http://id.loc.gov/authorities/names/no2014091415 
856 4 0 |u http://proxy.library.tamu.edu/login?url=https://texasam.kanopystreaming.com/node/120858  |z Connect to this streaming video  |t 0 
999 f f |s 4464f14e-7ea0-3f77-91e5-b928bf2b6e0c  |i a5d19cf2-7727-36ea-8ed3-e2d6d244d979  |t 0 
952 f f |a Texas A&M University  |b College Station  |c Electronic Resources  |s www_evans  |d Available Online  |t 0  |h No information provided 
998 f f |t 0  |l Available Online